| 000 | 01348nam a22003017a 4500 | ||
|---|---|---|---|
| 005 | 20160330020002.0 | ||
| 008 | 150609b2012 ck ||||| |||| 00| 0 spa d | ||
| 020 | _a9789585712669 | ||
| 040 |
_aCO-BoIAVH _cCO-BoIAVH |
||
| 041 | 0 | _aspa | |
| 044 | _ack | ||
| 082 | 4 |
_a577.506 _bE64p2 |
|
| 110 | 1 |
_aEmpresas Públicas de Medellín-EPM _934176 |
|
| 245 | 1 |
_aPorce III proyecto hidroeléctrico: _bEstudios de Arqueología preventiva/ _cEmpresas Públicas de Medellín-EPM |
|
| 250 | _a1a. Ed. | ||
| 260 | 3 |
_aMedellín: _bEmpresas Públicas de Medellín, _c2012. |
|
| 300 |
_a391 p. _bmap., graf., tab.,il., col., fot. _c24 cm. |
||
| 490 | _aPorce III proyecto hidroeléctrico | ||
| 504 | _aIncluye bibliografía. | ||
| 520 | _aDesde la iniciación del proyecto se realizaron estudios de prospección y evaluación que permitieron identificar el patrimonio que pudiera resultar afectado por la construcción central y sus obras complementarias. Con este fin se desarrollo un plan que garantizara el manejo integral y responsable de los impactos. | ||
| 650 | 4 |
_aArqueología _zAntioquia _934629 |
|
| 650 | 4 |
_aSitios arqueológicos _zAntioquia _934630 |
|
| 650 | 4 |
_aGestión cultural _zAntioquia _934631 |
|
| 700 | 1 |
_aBotero Páez, Sofía _914498 |
|
| 700 | 1 |
_aSantos, Gustavo _934189 |
|
| 700 | 1 |
_aCardona, Luis _934190 |
|
| 942 |
_2ddc _cLIBRO _01 |
||
| 999 |
_c17458 _d17458 |
||